[Event "Baden 1-Hamburg"]
[Site "Templin"]
[Date "2018.09.10"]
[Round "1.1"]
[White "Horn, Peter"]
[Black "Nekrasov, Mihail"]
[Result "1/2-1/2"]
[BlackElo "2303"]
[BlackTeam "Baden 1"]
[Board "1"]
[WhiteElo "2085"]
[WhiteTeam "Hamburg"]

1. c4 e6 2. Nf3 Nf6 3. e3 d5 4. d4 Be7 5. Nc3 O-O 6. b3 c5 7. Bb2 cxd4 8. exd4
Nc6 9. Bd3 b6 10. O-O Bb7 11. Rc1 Rc8 12. Qe2 Re8 13. Rfd1 Bf8 14. Qe3 g6 15.
h3 Bg7 16. Ne2 Nd7 17. Ne5 Ndxe5 18. dxe5 Qh4 19. f4 dxc4 20. Rxc4 Ne7 21. Rxc8
Rxc8 22. Be4 Nd5 23. Qf3 Bf8 24. Bd4 Ba6 25. Bxd5 Bxe2 26. Qxe2 exd5 27. e6 Re8
 1/2-1/2

[Event "Baden 1-Hamburg"]
[Site "Templin"]
[Date "2018.09.10"]
[Round "1.2"]
[White "Kiefer, Gerhard"]
[Black "Schellhorn, Wolfgang"]
[Result "1-0"]
[BlackElo "2138"]
[BlackTeam "Hamburg"]
[Board "2"]
[WhiteElo "2287"]
[WhiteTeam "Baden 1"]

1. e4 c5 2. Nf3 d6 3. d4 cxd4 4. Nxd4 Nf6 5. Nc3 a6 6. f3 e5 7. Nb3 Be6 8. Be3
Nbd7 9. Qd2 b5 10. a4 b4 11. Nd5 Bxd5 12. exd5 Nb6 13. Bxb6 Qxb6 14. a5 Qb7 15.
Bc4 Be7 16. O-O O-O 17. Ra4 Rab8 18. Qd3 Ra8 19. Qd2 Rfb8 20. Nc1 Bd8 21. Nb3
h6 22. Rfa1 Nd7 23. Kh1 Bf6 24. R1a2 Bg5 25. Qe1 f5 26. h4 Bf6 27. Bd3 e4 28.
fxe4 Ne5 29. Qf1 Nxd3 30. cxd3 fxe4 31. dxe4 Bxh4 32. Qf5 Re8 33. Nd4 Re5 34.
Qg4 Bg5 35. Nc6 Qf7 36. Ra1 Ree8 37. Rxb4 Qf2 38. e5 dxe5 39. d6 Qc5 40. d7
Qxc6 41. dxe8=Q+ Rxe8 42. Qe4 Qc5 43. Rb7 Rf8 44. Qg6 Bf6 45. Qg4 e4 46. Rf1
Qd4 47. Qe6+ Kh8 48. Qxa6 Qd5 49. Qb5 Qd6 50. Qb4 Qd8 51. Re1 Bd4 52. Qe7 e3
53. Qxd8 Rxd8 54. g3 Rf8 55. Re2 Rf1+ 56. Kg2 Ra1 57. b4  1-0

[Event "Baden 1-Hamburg"]
[Site "Templin"]
[Date "2018.09.10"]
[Round "1.3"]
[White "Maahs, Erich"]
[Black "Herbrechtsmeier, Christof"]
[Result "0-1"]
[BlackElo "2275"]
[BlackTeam "Baden 1"]
[Board "3"]
[WhiteElo "2043"]
[WhiteTeam "Hamburg"]

1. d4 Nf6 2. Nc3 d5 3. Bg5 c5 4. e3 Nc6 5. Nf3 cxd4 6. exd4 Bg4 7. Bb5 Ne4 8.
Bd2 Nxd2 9. Qxd2 Bxf3 10. gxf3 e6 11. a3 Qf6 12. Qe3 Be7 13. h4 O-O 14. O-O-O
Rfc8 15. Kb1 a6 16. Bxc6 Rxc6 17. Rd3 Rac8 18. h5 Bd6 19. Rg1 Bf4 20. Qe1 Rc4
21. Qd1 b5 22. Rg4 Bd6 23. Qe2 h6 24. Qe3 Kh8 25. Ka2 Qf5 26. Rh4 Kg8 27. f4
Be7 28. Rh1 Bf6 29. Qd2 Kh8 30. f3 Be7 31. Qe3 Bd6 32. Rh4 b4 33. axb4 Bxb4 34.
Rh2 Bxc3 35. Rxc3 Rxc3 36. bxc3 Qf6 37. Kb2 Qd8 38. Kc1 a5 39. Kd2 a4 40. Rh1
a3 41. Ra1 Qa5 42. Ra2 Ra8 43. Qe1 Qc7 44. Ke3 Qd6 45. Qb1 Qa6 46. Kd2 Kh7 47.
Qa1 g6 48. Ke3 gxh5 49. Qd1 h4 50. Qh1 Qc4 51. Qa1 h3 52. Rxa3 Rxa3 53. Qxa3
Qf1 54. Qf8 Qg1+ 55. Ke2 Qg6 56. f5 Qxf5 57. Kf2 Qxc2+ 58. Kg3 Qg2+ 59. Kh4 h2 
0-1

[Event "Baden 1-Hamburg"]
[Site "Templin"]
[Date "2018.09.10"]
[Round "1.4"]
[White "Werner, Clemens"]
[Black "Gerigk, Wolf"]
[Result "1-0"]
[BlackElo "2019"]
[BlackTeam "Hamburg"]
[Board "4"]
[WhiteElo "2263"]
[WhiteTeam "Baden 1"]

1. e4 Nc6 2. d4 d5 3. Nc3 Nf6 4. e5 Nd7 5. Be3 Nb6 6. f4 h5 7. Be2 Bf5 8. Nf3 e6
9. O-O Be7 10. b3 Nd7 11. Na4 b6 12. a3 Na5 13. c4 c6 14. Bd3 Bxd3 15. Qxd3 g6
16. Bd2 a6 17. Bxa5 bxa5 18. c5 O-O 19. Rae1 Qb8 20. Nd2 Kg7 21. Nc3 Ra7 22.
Kh1 Bd8 23. Qg3 f6 24. exf6+ Rxf6 25. Qe3 Nf8 26. Ne2 Raf7 27. g3 Rf5 28. h4
Re7 29. Ng1 Nh7 30. Ngf3 Bc7 31. Re2 Qc8 32. Rfe1 Re8 33. Kg2 Bd8 34. Qd3 Nf8
35. Ne5 Bf6 36. Nef3 Bd8 37. Nf1 Nh7 38. Ne5 Nf8 39. Nh2  1-0

[Event "Sachsen-Nordrhein-Westfalen"]
[Site "Templin"]
[Date "2018.09.10"]
[Round "1.1"]
[White "Rotstein, Jefim"]
[Black "Bodach, Hans"]
[Result "1-0"]
[BlackElo "2165"]
[BlackTeam "Sachsen"]
[Board "1"]
[WhiteElo "2315"]
[WhiteTeam "Nordrhein-Westfalen"]

1. d4 Nf6 2. Nf3 e6 3. e3 b6 4. Bd3 Bb7 5. O-O Be7 6. b3 O-O 7. Bb2 d5 8. Nbd2
Nbd7 9. Ne5 Ne4 10. f3 Nxd2 11. Qxd2 f6 12. Nxd7 Qxd7 13. c4 Bd6 14. Rac1 c5
15. cxd5 exd5 16. dxc5 Bxc5 17. Bd4 Bxd4 18. exd4 Rac8 19. Qf4 Rxc1 20. Rxc1
Rc8 21. Rxc8+ Qxc8 22. h4 Qd8 23. h5 Bc8 24. Qb8 Qe8 25. Kf2 Bd7 26. Qxa7 Bb5
27. h6 gxh6 28. Qxh7+ Kf8 29. Qxh6+  1-0

[Event "Sachsen-Nordrhein-Westfalen"]
[Site "Templin"]
[Date "2018.09.10"]
[Round "1.2"]
[White "Knaak, Joachim"]
[Black "Khanukov, Boris"]
[Result "0-1"]
[BlackElo "2275"]
[BlackTeam "Nordrhein-Westfalen"]
[Board "2"]
[WhiteElo "2113"]
[WhiteTeam "Sachsen"]

1. d4 Nf6 2. c4 e6 3. Nf3 d5 4. Nc3 Be7 5. e3 O-O 6. Bd3 a6 7. O-O dxc4 8. Bxc4
b5 9. Bb3 Bb7 10. Qe2 b4 11. Na4 Nbd7 12. Rd1 Qc8 13. Bd2 Bc6 14. Rdc1 Qb7 15.
Ne1 Rac8 16. Nc5 Nxc5 17. dxc5 Ne4 18. Rc2 Nxc5 19. Bc4 Be4 20. Rcc1 Rfd8 21.
f3 Bd5 22. e4 Bxc4 23. Rxc4 Na4 24. Be3 Bf6 25. Rb1 a5 26. Qc2 Qb5 27. Nd3 Nc3 
0-1

[Event "Sachsen-Nordrhein-Westfalen"]
[Site "Templin"]
[Date "2018.09.10"]
[Round "1.3"]
[White "Hassenrück, Helmut"]
[Black "Brauer, Christian"]
[Result "1-0"]
[BlackElo "2057"]
[BlackTeam "Sachsen"]
[Board "3"]
[WhiteElo "2194"]
[WhiteTeam "Nordrhein-Westfalen"]

1. d4 d5 2. Nf3 Nf6 3. c4 c6 4. Nc3 dxc4 5. a4 Bf5 6. e3 e6 7. Bxc4 Bb4 8. O-O
Nbd7 9. Qe2 O-O 10. e4 Bg6 11. Bd3 c5 12. e5 cxd4 13. exf6 dxc3 14. fxg7 Kxg7
15. Bxg6 hxg6 16. Qe3 Qf6 17. bxc3 Bxc3 18. Ra3 Rfc8 19. Rxc3 Rxc3 20. Qh6+ Kg8
21. Bb2 Nf8 22. h4 Rac8 23. Nd2 Qf5 24. Nb1 Qc2 25. Bxc3 Rxc3 26. Nxc3 Qxc3 27.
Rc1 Qd4 28. Rc8 Qd1+ 29. Kh2 Qd6+ 30. g3 b6 31. h5 gxh5 32. Qg5+ Kh7 33. Qxh5+
Kg7 34. Qg5+ Ng6 35. Rc4 e5 36. Rh4 Qc5 37. Kg1 Qc2 38. Qh6+ Kf6 39. Rb4 Qd1+
40. Kh2 Qe1 41. Rb2 Qa1 42. Rd2 Qxa4 43. Rd6+ Ke7 44. Qd2 Qb5 45. Rd8 Kf6 46.
Ra8 a5 47. Rb8 Qc5 48. Qd8+ Kg7 49. Qxb6 Qc2 50. Ra8 a4 51. Ra6 Kh7 52. Qf6 Qb3
53. Ra7 Kg8 54. Ra8+ Kh7 55. Ra7 Kg8 56. Qd8+ Kh7 57. Qa8 Qa2 58. Kg2 Kg7 59.
Rxa4 Qc2 60. Ra6 Qd3 61. Qc6 Qf5 62. Qf3 Qd7 63. Qf6+ Kg8 64. Ra8+ Kh7 65. Rd8
Qb7+ 66. Qf3 Qe7 67. Qd5 Qf6 68. Rd6 Qf5 69. Qf3  1-0

[Event "Sachsen-Nordrhein-Westfalen"]
[Site "Templin"]
[Date "2018.09.10"]
[Round "1.4"]
[White "Westphal, Norbert, Dr."]
[Black "Haselhorst, Helmut"]
[Result "1/2-1/2"]
[BlackElo "2148"]
[BlackTeam "Nordrhein-Westfalen"]
[Board "4"]
[WhiteElo "2034"]
[WhiteTeam "Sachsen"]

1. Nf3 Nf6 2. c4 g6 3. Nc3 Bg7 4. d4 O-O 5. g3 d6 6. Bg2 Nc6 7. O-O a6 8. h3 Rb8
9. Be3 b5 10. Nd2 Bd7 11. Rc1 e5 12. d5 Na5 13. c5 dxc5 14. Bxc5 Re8 15. b4 Nb7
16. Ba7 Rc8 17. Nb3 Nd6 18. Bc5 h5 19. Na5 e4 20. e3 Bf5 21. Kh2 Kh7 22. a4 Qd7
23. Nc6 bxa4 24. Qxa4 Ra8 25. Rfd1 Rh8 26. Nd4 Qxa4 27. Nxa4 Bd7 28. Nc3 Rhe8
29. Bf1 Reb8 30. Ra1 Nb5 31. Ncxb5 axb5 32. Rxa8 Rxa8 33. Nxb5 Ne8 34. Nd4 Be5
35. Kg1 Nd6 36. Bxd6 Bxd6 37. b5 Kg7 38. Nc6 Bxc6 39. dxc6 Rd8 40. g4 Kf8 41.
Be2 hxg4 42. hxg4 Ke7 43. Kg2 Rh8 44. Rc1 f5 45. Rc4 Rh2+ 46. Kg1 Rh8 47. Ra4
Rb8 48. Ra7 Kf6 49. Rb7 Rc8 50. Kg2 Bc5  1/2-1/2

[Event "Niedersachsen-Baden 2"]
[Site "Templin"]
[Date "2018.09.10"]
[Round "1.1"]
[White "Sandmeier, Toni"]
[Black "Kaiser, Gerhard"]
[Result "1-0"]
[BlackElo "2172"]
[BlackTeam "Niedersachsen"]
[Board "1"]
[WhiteElo "2157"]
[WhiteTeam "Baden 2"]

1. c4 e5 2. g3 Nf6 3. Bg2 h6 4. Nc3 c6 5. Nf3 Qc7 6. O-O Be7 7. d4 exd4 8. Nxd4
d6 9. Bf4 Na6 10. e4 Nc5 11. Re1 O-O 12. Nf5 Rd8 13. g4 Ne6 14. Bg3 Bf8 15. h4
g6 16. Ne3 Bg7 17. Qd2 Ne8 18. Rad1 Be5 19. Nf1 Bxg3 20. Nxg3 Kg7 21. g5 hxg5
22. hxg5 Qe7 23. f4 f6 24. Nd5 Qf7 25. gxf6+ Nxf6 26. f5 cxd5 27. fxe6 Bxe6 28.
cxd5 Bg4 29. Rc1 Re8 30. Rf1 Rac8 31. Rxc8 Bxc8 32. Qg5 Re5 33. Nh5+ Nxh5 34.
Rxf7+ Kxf7 35. Qd8 Bg4 36. Qxd6 Re7 37. e5 Bf5 38. Bf3 Ng7 39. Qf6+ Ke8 40. Bd1
a6 41. Ba4+ b5 42. Bb3 Nh5 43. Qh8+ Kd7 44. Qb8 Re8 45. e6+ Ke7  1-0

[Event "Niedersachsen-Baden 2"]
[Site "Templin"]
[Date "2018.09.10"]
[Round "1.2"]
[White "Waldschläger, Jürgen"]
[Black "Müller, Rudolf"]
[Result "1-0"]
[BlackElo "2093"]
[BlackTeam "Baden 2"]
[Board "2"]
[WhiteElo "2169"]
[WhiteTeam "Niedersachsen"]

1. Nf3 b6 2. e4 Bb7 3. d3 e6 4. g3 c5 5. Bg2 Nc6 6. O-O Nd4 7. Nxd4 cxd4 8. Nd2
Qc7 9. Nf3 e5 10. Bd2 Ne7 11. Re1 Nc6 12. Rc1 Be7 13. c3 Qd6 14. cxd4 Nxd4 15.
Nxd4 exd4 16. e5 Qb8 17. Qg4 g6 18. Qxd4 Bc5 19. Qa4 Bxg2 20. Kxg2 Qb7+ 21. Qe4
Qxe4+ 22. Rxe4 O-O 23. b4 Be7 24. Rd4 Rfc8 25. Rxc8+ Rxc8 26. Rxd7 Bf8 27. a3
Rc2 28. Bg5 h6 29. Bf6 Bg7 30. Bxg7 Kxg7  1-0

[Event "Niedersachsen-Baden 2"]
[Site "Templin"]
[Date "2018.09.10"]
[Round "1.3"]
[White "Dekan, Hans"]
[Black "Clemens, Christian, Dr."]
[Result "0-1"]
[BlackElo "2239"]
[BlackTeam "Niedersachsen"]
[Board "3"]
[WhiteElo "2132"]
[WhiteTeam "Baden 2"]

1. e4 Nf6 2. Nc3 d5 3. exd5 Nxd5 4. d4 Bf5 5. Bc4 e6 6. Nge2 Be7 7. Ng3 Bg6 8.
O-O O-O 9. Nxd5 exd5 10. Bb3 Nc6 11. f4 Be4 12. f5 Bf6 13. c3 Re8 14. Bf4 Na5
15. Nxe4 Rxe4 16. Bc2 Re8 17. Qg4 Nc4 18. Rf3 Qe7 19. Qh5 Qe2 20. Bd3 Qxb2 21.
Rc1 Nd2 22. Rc2 Qb1+ 23. Bf1 Nxf3+ 24. Qxf3 Qxc2 25. g4 Qe4 26. Qg3 Bxd4+ 27.
cxd4 Qxd4+ 28. Kg2 Re4  0-1

[Event "Niedersachsen-Baden 2"]
[Site "Templin"]
[Date "2018.09.10"]
[Round "1.4"]
[White "Jentsch, Dieter"]
[Black "Fugmann, Bernd"]
[Result "1-0"]
[BlackElo "1969"]
[BlackTeam "Baden 2"]
[Board "4"]
[WhiteElo "2093"]
[WhiteTeam "Niedersachsen"]

1. e4 c5 2. Nf3 e6 3. c3 Nc6 4. d4 d5 5. e5 Nge7 6. Bd3 Ng6 7. a3 Be7 8. b4 c4
9. Bc2 Bd7 10. O-O b5 11. a4 a6 12. Na3 O-O 13. Re1 Rb8 14. Nb1 Nxb4 15. cxb4
Bxb4 16. axb5 axb5 17. Nbd2 Be7 18. Qe2 b4 19. Nxc4 dxc4 20. Qxc4 Bb5 21. Qb3
Qd7 22. Bd2 Rfc8 23. Reb1 Bc6 24. Qb2 Bxf3 25. gxf3 Nxe5 26. dxe5 Qxd2 27.
Bxh7+ Kxh7 28. Qxd2 Rd8 29. Qe3 Kg8 30. Qf4 g5 31. Qg4 Kf8 32. Qh5 Ke8 33. Qh8+
Bf8 34. Qf6 { Weiss gewinnt nach weiteren Zuegen (nicht rekonstruierbar).}  
1-0

[Event "Brandenburg-Bayern 1"]
[Site "Templin"]
[Date "2018.09.10"]
[Round "1.2"]
[White "Walter, Günter"]
[Black "Urytskyy, Arkadiy"]
[Result "1/2-1/2"]
[BlackElo "2136"]
[BlackTeam "Bayern 1"]
[Board "2"]
[WhiteElo "2165"]
[WhiteTeam "Brandenburg"]

1. e4 c5 2. Nf3 d6 3. g3 Nc6 4. Bg2 g6 5. O-O Bg7 6. c3 Nf6 7. Qe2 O-O 8. Rd1 e5
9. d3 Qe7 10. Na3 h6 11. Bd2 Rb8 12. Nc2 Be6 13. b4 a6 14. Rdb1 cxb4 15. Nxb4
Nxb4 16. Rxb4 Bd7 17. Rab1 Bc6 18. c4 Nd7 19. Ne1 Nc5 20. Nc2 a5 21. R4b2 Qc7
22. Ne3 a4 23. Nd5 Bxd5 24. cxd5 f5 25. Rb5 f4 26. Bb4 b6 27. Bxc5 bxc5 28. Bh3
Rxb5 29. Be6+ Kh7 30. Rxb5 fxg3 31. hxg3 Qe7 32. Bg4 h5 33. Bf3 Qg5 34. Kg2 
1/2-1/2

[Event "Brandenburg-Bayern 1"]
[Site "Templin"]
[Date "2018.09.10"]
[Round "1.3"]
[White "Strobel, Walter"]
[Black "Ellenberg, Ekkehard"]
[Result "1/2-1/2"]
[BlackElo "2014"]
[BlackTeam "Brandenburg"]
[Board "3"]
[WhiteElo "2144"]
[WhiteTeam "Bayern 1"]

1. e4 c5 2. Nf3 d6 3. d4 cxd4 4. Nxd4 Nf6 5. Nc3 a6 6. Be3 e6 7. f3 Qc7 8. Qd2
Be7 9. g4 Nc6 10. O-O-O b5 11. Nxc6 Qxc6 12. Kb1 Bb7 13. h4 Rc8 14. g5 Nd7 15.
Ne2 Qc7 16. Nd4 Ne5 17. Bd3 Nc4 18. Bxc4 Qxc4 19. h5 d5 20. e5 Qc7 21. f4 Bc5
22. Qd3 Bxd4 23. Bxd4 Qc4 24. Rh3 Qxd3 25. Rdxd3 Rc4 26. b3 Rc8 27. Rc3 Rxc3
28. Rxc3 Kd7 29. Kb2 Rc8 30. Rxc8 Bxc8 31. Kc3 Kc6 32. Kb4 g6 33. h6 Bd7 
1/2-1/2

[Event "Brandenburg-Bayern 1"]
[Site "Templin"]
[Date "2018.09.10"]
[Round "1.4"]
[White "Heckert, Klaus-Dieter"]
[Black "Oechslein, Rainer"]
[Result "0-1"]
[BlackElo "2214"]
[BlackTeam "Bayern 1"]
[Board "4"]
[WhiteElo "2035"]
[WhiteTeam "Brandenburg"]

1. e4 c5 2. Nc3 Nc6 3. f4 g6 4. Nf3 Bg7 5. Bb5 Nd4 6. O-O e6 7. d3 Ne7 8. e5 a6
9. Bc4 d5 10. exd6 Qxd6 11. Ne4 Qc7 12. a3 O-O 13. Nxd4 cxd4 14. Qe1 b5 15. Bb3
Bb7 16. Qh4 h6 17. Bd2 Nf5 18. Qh3 Bd5 19. Rac1 Bxb3 20. cxb3 Qd7 21. Rc5 Ne3
22. Rfc1 Nd5 23. Ba5 Nxf4 24. Qf3 Nd5 25. Bd2 f5 26. Nf2 Rfc8 27. b4 Bf8 28.
Rxc8 Rxc8 29. Qd1 Kh7 30. h4 Rxc1 31. Qxc1 Qc7 32. Qd1 Qg3  0-1

[Event "Schleswig-Holstein 1-Mecklenburg-Vorpommern"]
[Site "Templin"]
[Date "2018.09.10"]
[Round "1.1"]
[White "Waschk, Armin"]
[Black "Salov, Sergej"]
[Result "1/2-1/2"]
[BlackElo "2186"]
[BlackTeam "Schleswig-Holstein 1"]
[Board "1"]
[WhiteElo "2157"]
[WhiteTeam "Mecklenburg-Vorpommern"]

1. e4 c5 2. Nf3 e6 3. d4 cxd4 4. Nxd4 a6 5. Bd3 Nf6 6. O-O Qc7 7. c4 Nc6 8. Nb3
b6 9. Nc3 Bb7 10. Qe2 Be7 11. Bd2 O-O 12. f4 d6 13. Rae1 Rad8 14. Kh1 Rfe8 15.
Bb1 g6 16. e5 Nh5 17. exd6 Bxd6 18. Ne4 Bb4 19. Nc3  1/2-1/2

[Event "Schleswig-Holstein 1-Mecklenburg-Vorpommern"]
[Site "Templin"]
[Date "2018.09.10"]
[Round "1.2"]
[White "Gruzmann, Boris"]
[Black "Kliewe, Hans-Jürgen"]
[Result "1/2-1/2"]
[BlackElo "2131"]
[BlackTeam "Mecklenburg-Vorpommern"]
[Board "2"]
[WhiteElo "2209"]
[WhiteTeam "Schleswig-Holstein 1"]

1. e4 e6 2. d4 d5 3. e5 c5 4. c3 Bd7 5. Nf3 Qb6 6. Be2 Bb5 7. dxc5 Bxc5 8. b4
Bxe2 9. Qxe2 Bf8 10. O-O Ne7 11. Na3 a6 12. Nc2 Nbc6 13. a4 Qc7 14. Re1 Ng6 15.
h4 h5 16. g3 Nge7 17. Bg5 Nf5 18. Ne3 Nxe3 19. Qxe3 Be7 20. Qf4 Nd8 21. a5 Rc8
22. Re3 Rg8 23. Bxe7 Qxe7 24. Nd2 g5 25. hxg5 Qxg5 26. Qxg5 Rxg5 27. Kg2 Nc6
28. f4 Rg8 29. Rh1 d4 30. Rd3 dxc3 31. Rxc3 Ke7 32. Rc4 Rcd8 33. Ne4 Rd3 34.
Rxh5 Rb3 35. Rh7 Rxb4 36. Rxb4 Nxb4 37. Nd6 Rf8 38. Nxb7 Nc6 39. Rh1 Rb8 40.
Rc1 Rc8 41. Nd6 Rc7 42. Ne4 Rc8 43. Kf2 Na7 44. Rxc8 Nxc8 45. Ke3 Na7 46. Kd4
Nc6+ 47. Kc5 Nxa5 48. Kb6 Nc4+ 49. Kxa6 Ne3 50. Kb6 Nf5 51. Kc7 Ne3 52. Kc6 Nf5
53. Kc5 Ne3 54. Nf6 Nc2 55. Nh5 Ne3 56. Kd4 Nc2+ 57. Ke4 Nb4 58. Nf6 Na6 59. g4
Nc5+ 60. Ke3 Nb3  1/2-1/2

[Event "Schleswig-Holstein 1-Mecklenburg-Vorpommern"]
[Site "Templin"]
[Date "2018.09.10"]
[Round "1.3"]
[White "Wiemer, Jürgen"]
[Black "Neumann, Joachim"]
[Result "1-0"]
[BlackElo "2115"]
[BlackTeam "Schleswig-Holstein 1"]
[Board "3"]
[WhiteElo "2028"]
[WhiteTeam "Mecklenburg-Vorpommern"]

1. e4 c5 2. c3 Nf6 3. e5 Nd5 4. Qb3 e6 5. Nf3 Qc7 6. c4 Nf4 7. Qe3 Ng6 8. b3 b6
9. h4 Nc6 10. Bb2 Bb7 11. Na3 a6 12. Nc2 h5 13. Bd3 Nge7 14. Ng5 Nf5 15. Qe2
Nfd4 16. Nxd4 cxd4 17. f4 d6 18. Nf3 dxe5 19. fxe5 O-O-O 20. O-O-O g6 21. Rde1
Bg7 22. Be4 Nb4 23. d3 Nxa2+ 24. Kc2 Nb4+ 25. Kb1 Qc5 26. Ba3 Bf8 27. Ng5 Qc7
28. Rhf1 Rd7 29. Qf3 Bxe4 30. Qxe4 Nd5 31. cxd5 Bxa3 32. Rc1 Bxc1 33. Rxc1
Qxc1+ 34. Kxc1 exd5 35. Qxd4 Kb7 36. e6 Rc8+ 37. Kd2 fxe6 38. Nxe6 Re8 39. Nf4
Rd6 40. Qg7+ Kc6 41. Nxg6 Rde6 42. Nf4 Re5 43. Qg6+ Kc5 44. d4+ Kxd4 45. Qxb6+
Ke4 46. Qe3+ Kf5 47. Qf3 Kf6 48. Nxh5+  1-0

[Event "Schleswig-Holstein 1-Mecklenburg-Vorpommern"]
[Site "Templin"]
[Date "2018.09.10"]
[Round "1.4"]
[White "Hahne, Hans-Jürgen"]
[Black "Krüger, Gerhard"]
[Result "1/2-1/2"]
[BlackElo "1967"]
[BlackTeam "Mecklenburg-Vorpommern"]
[Board "4"]
[WhiteElo "2084"]
[WhiteTeam "Schleswig-Holstein 1"]

1. e4 c5 2. c3 d5 3. exd5 Qxd5 4. d4 Nc6 5. Nf3 Bg4 6. Be2 e6 7. h3 Bh5 8. O-O
Nf6 9. Na3 a6 10. g4 Bg6 11. Nc4 Qd8 12. Be3 cxd4 13. Nxd4 Nxd4 14. Bxd4 h5 15.
Nb6 hxg4 16. Qa4+ Nd7 17. Rad1 Rxh3 18. Qxd7+ Qxd7 19. Nxd7 Kxd7 20. Bxg4 Rh7
21. Bxg7+ Ke7 22. Bd4 Be4 23. f3 Bd5 24. Rfe1 Bxa2 25. Bf5 Rh5 26. Be4 Bd5 27.
Bc5+ Kf6 28. Bd4+ Ke7 29. Bc5+ Kf6  1/2-1/2

[Event "Sachsen-Anhalt-Württemberg"]
[Site "Templin"]
[Date "2018.09.10"]
[Round "1.1"]
[White "Frick, Christoph"]
[Black "Liebert, Heinz"]
[Result "1/2-1/2"]
[BlackElo "2175"]
[BlackTeam "Sachsen-Anhalt"]
[EventDate "2018.??.??"]
[PlyCount "52"]
[WhiteElo "2210"]
[WhiteTeam "Württemberg"]

1. c4 c5 2. Nc3 Nc6 3. g3 g6 4. Bg2 Bg7 5. d3 d6 6. Nh3 e5 7. O-O Nge7 8. f4
exf4 9. Nxf4 O-O 10. Be3 Rb8 11. Qd2 b5 12. Rab1 b4 13. Ncd5 Nxd5 14. Nxd5 Be6
15. a3 bxa3 16. bxa3 Rxb1 17. Rxb1 Qc8 18. Bg5 f6 19. Bh6 Bxd5 20. Bxg7 Kxg7
21. cxd5 Ne5 22. e3 Qf5 23. Rd1 Nf3+ 24. Bxf3 Qxf3 25. e4 Re8 26. Re1 Re5 
1/2-1/2

[Event "Sachsen-Anhalt-Württemberg"]
[Site "Templin"]
[Date "2018.09.10"]
[Round "1.2"]
[White "Bauer, Burkhard"]
[Black "Gabriel, Josef"]
[Result "1/2-1/2"]
[BlackElo "2124"]
[BlackTeam "Württemberg"]
[EventDate "2018.??.??"]
[PlyCount "85"]
[WhiteElo "2083"]
[WhiteTeam "Sachsen-Anhalt"]

1. d4 g6 2. Nf3 Bg7 3. c4 c5 4. Nc3 cxd4 5. Nxd4 Nc6 6. Nxc6 bxc6 7. e4 d6 8.
Be3 Nf6 9. Be2 O-O 10. O-O Qc7 11. h3 Bb7 12. Qc2 Nd7 13. Rfd1 Nc5 14. Rac1
Rfd8 15. Bf1 e5 16. Na4 Ne6 17. c5 Nd4 18. cxd6 Rxd6 19. Qb1 Rad8 20. Nc5 Bc8
21. b4 a5 22. a3 axb4 23. axb4 Qa7 24. Re1 Qa3 25. Bc4 h6 26. f3 Rf8 27. Bf2
Qa7 28. Qb2 Qe7 29. Ra1 Kh7 30. Ra3 Qg5 31. Qc1 Qf6 32. Qc3 Rfd8 33. Ra7 Nb5
34. Bxb5 cxb5 35. Qb3 Kg8 36. Rea1 Bf8 37. Be3 Be6 38. Qb2 Re8 39. Rd1 Bc4 40.
Nd7 Qd8 41. Rxd6 Bxd6 42. Nc5 Bf8 43. Qd2  1/2-1/2

[Event "Sachsen-Anhalt-Württemberg"]
[Site "Templin"]
[Date "2018.09.10"]
[Round "1.3"]
[White "Wolf, Walter"]
[Black "Hamm, Georg"]
[Result "1/2-1/2"]
[BlackElo "2108"]
[BlackTeam "Sachsen-Anhalt"]
[EventDate "2018.??.??"]
[PlyCount "58"]
[WhiteElo "2100"]
[WhiteTeam "Württemberg"]

1. b3 c5 2. Bb2 e6 3. e3 Nf6 4. f4 Nc6 5. Nf3 Be7 6. Bb5 Qb6 7. Nc3 O-O 8. O-O
d6 9. Bxc6 Qxc6 10. Qe2 a6 11. e4 Ne8 12. Rad1 b5 13. d4 Nc7 14. d5 Qb6 15. Nb1
Bb7 16. c4 Rae8 17. Qc2 Rb8 18. Nbd2 exd5 19. exd5 Ne8 20. Ng5 g6 21. Nde4 Bc8
22. f5 bxc4 23. fxg6 hxg6 24. Qxc4 Qd8 25. Qc1 f5 26. Qc3 Nf6 27. Qh3 Nh5 28.
Qc3 Nf6 29. Qh3 Nh5  1/2-1/2

[Event "Sachsen-Anhalt-Württemberg"]
[Site "Templin"]
[Date "2018.09.10"]
[Round "1.4"]
[White "Zerfass, Otfried"]
[Black "Gerstenberger, Heinz"]
[Result "0-1"]
[Annotator "Meiwald"]
[BlackElo "2113"]
[BlackTeam "Württemberg"]
[EventDate "2018.??.??"]
[PlyCount "74"]
[WhiteElo "1857"]
[WhiteTeam "Sachsen-Anhalt"]

1. e4 d5 2. exd5 Qxd5 3. Nc3 Qd6 4. d4 Nf6 5. Nge2 c6 6. Bf4 Qd8 7. Ng3 g6 8.
Be2 Bg7 9. Qd2 Be6 10. h4 h5 11. O-O Nbd7 12. Rfd1 Nb6 13. Nge4 Nfd5 14. Ng5
Bd7 15. Bg3 Bh6 16. Qd3 Bf5 17. Nce4 f6 18. c4 fxg5 19. cxd5 cxd5 20. hxg5 Bg7
21. Nd6+ exd6 22. Qe3+ Kf7 23. Qf4 Qd7 24. a4 a6 25. Bf3 Rad8 26. a5 Nc8 27.
Bxd5+ Kf8 28. Re1 Ne7 29. Be6 Qb5 30. Rec1 Nc6 31. Rc4 Ke7 32. Bxf5 Qxf5 33.
Re1+ Kf7 34. Qc1 Rhe8 35. d5 Rxe1+ 36. Qxe1 Qxd5 37. Re4 Kg8  0-1

[Event "Bremen-Bayern 2"]
[Site "Templin"]
[Date "2018.09.10"]
[Round "1.2"]
[White "Franke, Reiner"]
[Black "Greul, Hans"]
[Result "1-0"]
[BlackElo "2021"]
[BlackTeam "Bayern 2"]
[EventDate "2018.??.??"]
[PlyCount "53"]
[WhiteElo "2244"]
[WhiteTeam "Bremen"]

1. c4 c6 2. Nf3 d5 3. g3 Nf6 4. Bg2 Bf5 5. cxd5 cxd5 6. Qb3 Qc7 7. Nc3 e6 8. d3
Nbd7 9. d4 Qb6 10. O-O Be7 11. Bf4 O-O 12. Rfc1 Rfc8 13. Nd2 Rc6 14. e4 dxe4
15. Ndxe4 Nxe4 16. Nxe4 Rac8 17. Nc3 Qxb3 18. axb3 Rb6 19. Rxa7 Rxb3 20. Bxb7
Rc4 21. Ba6 Rxd4 22. Be3 Rd6 23. Bc4 Rxb2 24. Nb5 Rdd2 25. Nd4 Nb6 26. Nxf5
exf5 27. Bxd2  1-0

[Event "Bremen-Bayern 2"]
[Site "Templin"]
[Date "2018.09.10"]
[Round "1.3"]
[White "Jagdhuber, Hans"]
[Black "Rust-Lux, Klaus"]
[Result "1/2-1/2"]
[Annotator "Meiwald"]
[BlackElo "2071"]
[BlackTeam "Bremen"]
[EventDate "2018.??.??"]
[PlyCount "33"]
[WhiteElo "2016"]
[WhiteTeam "Bayern 2"]

1. c4 g6 2. Nc3 Bg7 3. g3 c5 4. Bg2 Nc6 5. e4 d6 6. Nge2 e6 7. O-O Nge7 8. d3
O-O 9. Be3 Nd4 10. Bg5 h6 11. Bd2 Nec6 12. a3 Kh7 13. Rb1 a5 14. Nxd4 Nxd4 15.
b4 cxb4 16. axb4 axb4 17. Nb5 { Rest nicht rekonstruierbar}   1/2-1/2

[Event "Bremen-Bayern 2"]
[Site "Templin"]
[Date "2018.09.10"]
[Round "1.4"]
[White "Ohl, Karsten"]
[Black "Gerl, Hans"]
[Result "0-1"]
[BlackElo "2019"]
[BlackTeam "Bayern 2"]
[EventDate "2018.??.??"]
[PlyCount "51"]
[WhiteElo "1898"]
[WhiteTeam "Bremen"]

1. e4 c5 2. b4 cxb4 3. a3 e6 4. axb4 Bxb4 5. Bb2 Nf6 6. e5 Nd5 7. Qg4 O-O 8. Bc4
Nb6 9. Bb5 Be7 10. Nf3 Nc6 11. O-O f5 12. Qg3 a6 13. Be2 Nd5 14. Na3 Na5 15. c4
Nb4 16. Bc3 b6 17. Rfb1 Nbc6 18. d4 d6 19. Qf4 dxe5 20. dxe5 Bc5 21. Nc2 Bb7
22. Ncd4 Qe7 23. h4 Rad8 24. g4 Nxd4 25. Nxd4 Qxh4 26. Nf3  0-1

[Event "Schleswig-Holstein 2-Berlin"]
[Site "Templin"]
[Date "2018.09.10"]
[Round "1.1"]
[White "Witte, Manfred"]
[Black "Kornrumpf, Joachim"]
[Result "1/2-1/2"]
[BlackElo "2022"]
[BlackTeam "Schleswig-Holstein 2"]
[EventDate "2018.??.??"]
[PlyCount "23"]
[WhiteElo "2127"]
[WhiteTeam "Berlin"]

1. e4 c5 2. c3 d6 3. d4 Nd7 4. Nf3 Qc7 5. Bd3 Ngf6 6. O-O e6 7. Re1 Be7 8. h3 e5
9. d5 c4 10. Bc2 a6 11. a4 b6 12. Be3  1/2-1/2

[Event "Schleswig-Holstein 2-Berlin"]
[Site "Templin"]
[Date "2018.09.10"]
[Round "1.2"]
[White "Dittmann, Hans-Adolf"]
[Black "Albrecht, Rainer"]
[Result "1/2-1/2"]
[BlackElo "2105"]
[BlackTeam "Berlin"]
[EventDate "2018.??.??"]
[PlyCount "34"]
[WhiteElo "2042"]
[WhiteTeam "Schleswig-Holstein 2"]

1. e4 d5 2. exd5 Qxd5 3. Nc3 Qd8 4. Bc4 Nf6 5. Nf3 a6 6. Ne5 e6 7. d4 Nbd7 8.
O-O Nxe5 9. dxe5 Qxd1 10. Rxd1 Nd7 11. Bf4 h6 12. a3 g5 13. Bg3 Bg7 14. Re1 b6
15. Re3 Bb7 16. f4 gxf4 17. Bxf4 Nf8  1/2-1/2